| 000 | 00620nam a2200193 i 4500 | ||
|---|---|---|---|
| 001 | 79727 | ||
| 003 | ES-MaACL | ||
| 005 | 20230906174035.0 | ||
| 007 | t| | ||
| 008 | 041022s1980 sp ||||1| spa d | ||
| 100 | 1 |
_aHerreras, Domiciano. _963254 |
|
| 245 | 1 | 0 |
_aProblemática de literatura española comparada _b: proyección europea de la literatura y del pensamiento español / _cDomiciano Herreras. |
| 260 |
_aMálaga : _b[s.n.], _c1980. |
||
| 300 |
_a2 v. ; _c22 cm. |
||
| 490 | 1 |
_aEscritos ; _v4, 5 |
|
| 830 | 0 |
_aEscritos ; _v4, 5 _9231455 |
|
| 852 |
_aES-MaACL _jL-1362-3 _bR.101957 |
||
| 999 |
_c79727 _d79727 |
||